000
00274nam a2200121Ia 4500
008
220216s9999 xx 000 0 und d
100
_a
Majumdar Samir
245
0
_a
Tyre noise
260
_b
Rubberchem Review
_c
2006
300
_a
29-34
650
_a
Tyre noise
942
_c
JS
999
_c
71670
_d
71670